Abeceda účetních znalostí pro každého

Na minha lista:
Detalhes bibliográficos
Autor principal: Kovanicová, Dana
Formato: Livro
Idioma:tcheco
Publicado em: Praha Trizonia 1993
Edição:1. vyd.
Colecção:Příručky praktických podnikatelů Svazek 15
Assuntos:
Tags: Adicionar Tag
Sem tags, seja o primeiro a adicionar uma tag!

MARC

LEADER 00000nam a2200000 4500
001 c002692
005 20221206074212.1
020 |a 80-85573-09-1 
041 0 |a cze 
044 |a CZ 
245 1 0 |a Abeceda účetních znalostí pro každého  |c Dana Kovanicová 
250 |a 1. vyd. 
264 1 |a Praha  |b Trizonia  |c 1993 
300 |a 306 s. 
490 1 |a Příručky praktických podnikatelů  |v Svazek 15 
830 0 |a Příručky praktických podnikatelů  |v Svazek 15 
610 2 0 |a účtovníctvo 
610 2 0 |a účtovanie 
610 2 0 |a osnova účtová 
610 2 0 |a účty 
610 2 0 |a uzávierka účtovná 
610 2 0 |a sústava daňová 
610 2 0 |a oceňovanie 
610 2 0 |a trh finančný 
610 2 0 |a majetok investičný 
610 2 0 |a náklady 
610 2 0 |a uzávierka účtovná 
610 2 0 |a využitie počítačov 
610 2 0 |a výkazy účtovné 
100 1 |a Kovanicová, Dana